000 00589nam a22001937a 4500
005 20260114121916.0
010 _aENG-147449
020 _a9789371362917
_c849.00
035 _aEN-130981
037 _bDBAD
082 _a342.54
_21
100 _aHarshmeet Singh
_986352
245 _aReady Reckoner to Indian Polity/
_cHarshmeet Singh
250 _a1
260 _aNoida
_bPearson India Education
_c2026
270 _a15th Floor, Towe-B, World Trade Tower, Plot No.1, Block-C, Sector-16
_bNoida
_e201301
300 _avpp.
_c23cm(pb)
942 _2ddc
_cEN
_h342.54
_mHAR
999 _c214109
_d214109